| 000 | 00500nam a22001817a 4500 | ||
|---|---|---|---|
| 003 | BD-ChCU | ||
| 005 | 20260505111534.0 | ||
| 008 | 260505b bg ||||| |||| 00| 0 ben d | ||
| 040 | _cBD-ChCU | ||
| 082 | _a550 TRG (2) | ||
| 100 |
_aTrefethen , Joseph M. _922379 |
||
| 245 |
_aGeology for engineers ./ _cJoseph M . Trefethen . |
||
| 250 | _a2nd ed | ||
| 260 |
_aPrinceton : _bVan Nostrand , _cC 1967 |
||
| 300 | _aviii , 632p. | ||
| 650 | 0 |
_aGeology . Earthquakes . _922380 |
|
| 942 |
_2ddc _cBK _n0 |
||
| 999 |
_c112673 _d112673 |
||